Tolleys Environment Service (Record no. 85408)

MARC details
000 -LEADER
fixed length control field 00529cam a2200169 4500
001 - CONTROL NUMBER
control field CD107056
008 - FIXED-LENGTH DATA ELEMENTS--GENERAL INFORMATION
fixed length control field 000000n 000 0 eng u
035 ## - SYSTEM CONTROL NUMBER
System control number (Sirsi) u107056
245 ## - TITLE STATEMENT
Title Tolleys Environment Service
260 ## - PUBLICATION, DISTRIBUTION, ETC.
Name of publisher, distributor, etc. Tolleys
300 ## - PHYSICAL DESCRIPTION
Extent 1 CD-Rom
520 ## - SUMMARY, ETC.
Summary, etc. Searchable CD-Rom version of this looseleaf service covering all aspects of environmental management and environment legislation.
650 ## - SUBJECT ADDED ENTRY--TOPICAL TERM
Topical term or geographic name entry element CD-ROM
650 ## - SUBJECT ADDED ENTRY--TOPICAL TERM
Topical term or geographic name entry element ENVIRONMENTAL MANAGEMENT
690 ## - LOCAL SUBJECT ADDED ENTRY--TOPICAL TERM (OCLC, RLIN)
Topical term or geographic name as entry element ENVIRONMENTAL AND LAND CONSULTANCY
942 ## - ADDED ENTRY ELEMENTS (KOHA)
Suppress in OPAC 0
Holdings
Withdrawn status Lost status Source of classification or shelving scheme Damaged status Not for loan Home library Current library Shelving location Date acquired Total Checkouts Full call number Barcode Date last seen Copy number Price effective from Koha item type
    Dewey Decimal Classification     London London Enquiry desk 10/07/2000   CD-ROM BOX 107056-1001 06/08/2019 1 06/08/2019 Reference material